|
|
|
|
| LEADER |
00000cam a22000004a 4500 |
| 001 |
musev2_25552 |
| 003 |
MdBmJHUP |
| 005 |
20230905042722.0 |
| 006 |
m o d |
| 007 |
cr||||||||nn|n |
| 008 |
040210s2005 cau o 00 0 eng d |
| 010 |
|
|
|z 2021696660
|
| 020 |
|
|
|a 9780520930889
|
| 020 |
|
|
|z 9780520240872
|
| 035 |
|
|
|a (OCoLC)60312564
|
| 040 |
|
|
|a MdBmJHUP
|c MdBmJHUP
|
| 100 |
1 |
|
|a Patton, Laurie L.,
|d 1961-
|
| 245 |
1 |
0 |
|a Bringing the Gods to Mind :
|b Mantra and Ritual in Early Indian Sacrifice /
|c Laurie L. Patton.
|
| 264 |
|
1 |
|a Berkeley :
|b University of California Press,
|c 2005.
|
| 264 |
|
3 |
|a Baltimore, Md. :
|b Project MUSE,
|c 2014
|
| 264 |
|
4 |
|c ©2005.
|
| 300 |
|
|
|a 1 online resource (304 pages).
|
| 336 |
|
|
|a text
|b txt
|2 rdacontent
|
| 337 |
|
|
|a computer
|b c
|2 rdamedia
|
| 338 |
|
|
|a online resource
|b cr
|2 rdacarrier
|
| 505 |
0 |
|
|a Acknowledgments; Abbreviations; Introduction; Part One: The Theories; 1. Poetry, Ritual, and Associational Thought in Early India: The Sources; 2. Poetry, Ritual, and Associational Thought in Early India: The Theories; 3. Viniyoga: The Recovery of a Hermeneutic Principle; Part Two: The Case Studies; 4. Fire, Light, and Ingesting over Time; 5. The Vedic "Other": Spoilers of Success; 6. A History of the Quest for Mental Power; 7. The Poetics of Paths: Mantras of Journeys; 8. A Short History of Heaven: From Making to Gaining the Highest Abode
|
| 505 |
0 |
|
|a Conclusions: Laughter and the Creeper MantraNotes; Glossary; Bibliography; Index Locorum; Index Nominum; General Index
|
| 520 |
8 |
|
|a Patton introduces a new perspective on Indic religious history by rethinking the role of mantra in Vedic ritual. Treating Vedic mantra as a form of artistic composition she develops the idea of metonymy, or associational thought, as a major motivator for the use of mantra in sacrificial performance.
|
| 588 |
|
|
|a Description based on print version record.
|
| 650 |
|
7 |
|a Mantras
|2 fast
|0 (OCoLC)fst01007974
|
| 650 |
|
7 |
|a Hinduism
|x Rituals
|2 fast
|0 (OCoLC)fst00957154
|
| 650 |
|
7 |
|a RELIGION
|x Hinduism
|x General.
|2 bisacsh
|
| 650 |
|
7 |
|a RELIGION
|x Hinduism
|x Rituals & Practice.
|2 bisacsh
|
| 650 |
|
6 |
|a Mantras.
|
| 650 |
|
6 |
|a Hindouisme
|x Rituel.
|
| 650 |
|
0 |
|a Mantras.
|
| 650 |
|
0 |
|a Hinduism
|x Rituals.
|
| 630 |
0 |
7 |
|a Vedas
|2 fast
|0 (OCoLC)fst01356289
|
| 630 |
0 |
6 |
|a Veda
|x Recitation.
|
| 630 |
0 |
0 |
|a Vedas
|x Recitation.
|
| 655 |
|
7 |
|a Electronic books.
|2 local
|
| 710 |
2 |
|
|a Project Muse.
|e distributor
|
| 830 |
|
0 |
|a Book collections on Project MUSE.
|
| 856 |
4 |
0 |
|z Texto completo
|u https://projectmuse.uam.elogim.com/book/25552/
|
| 945 |
|
|
|a Project MUSE - Custom Collection
|
| 945 |
|
|
|a Project MUSE - Archive Complete Supplement II
|
| 945 |
|
|
|a Project MUSE - Archive Philosophy and Religion Supplement II
|